000 00468nam a22001817a 4500
003 MPLRDC
005 20220104165454.0
008 210129b ||||| |||| 00| 0 eng d
020 _a9971-4-0454-0
082 _a494.5 PUT
100 _aJOSEPH M PUTTI
245 _aUNDERSTANDING PRODUCTIVITY
_c
250 _a1ST ED.
260 _aSINGAPORE
_bFEDERAL PUBLICATIONS (S) PTE LTD
_c1986
300 _b114
650 _aPRODUCTION MANAGEMENT
942 _cBK
_o494.5 PUT
999 _c57462
_d57452